| 000 | 00951nam a2200265 a 4500 | ||
|---|---|---|---|
| 003 | AR-BaBNM | ||
| 005 | 20251128210947.0 | ||
| 008 | 082120s2002 ||||||||||||||000 | spa|| | ||
| 020 | _a84-7112-096-8 | ||
| 040 | _cAR-BaBNM | ||
| 100 | 1 | _aGonzalvo Mainar, Gonzalo | |
| 245 | 1 | 0 |
_aDiccionario de metodología estadística _baplicada a pedagogía, psicología y ciencias de la educación |
| 260 |
_aMadrid _bEdiciones Morata _c1978 |
||
| 300 |
_a180 p. _bgráf., tablas |
||
| 490 | 0 | _aPedagogía. manuales | |
| 500 | _aContiene apéndices con terminología de uso frecuente en inglés y francés, fórmulas, símbolos y relación de entradas. | ||
| 504 | _aContiene bibliografía p. 174-180 | ||
| 650 | 4 | _aESTADISTICA | |
| 650 | 4 | _aINVESTIGACION SOCIAL | |
| 650 | 4 | _aDICCIONARIOS | |
| 650 | 4 | _aENSEÑANZA DE LA ESTADISTICA | |
| 700 | 1 |
_aGómez Morata, Florentina _erevisión |
|
| 700 | 1 |
_aIzquierdo Bayona, Ramón _erevisión |
|
| 942 | _cBK | ||
| 999 |
_c17646 _d17646 |
||